000
00210nam a2200085Ia 4500
008
120527s9999 xx 000 0 und d
100
_a
Budin, et al
245
_a
Using computers in the social studies
942
_c
BK
999
_c
27808
_d
27808